The Gospel according to Luke I-IX : (Record no. 2555)
[ view plain ]
| 000 -LEADER | |
|---|---|
| fixed length control field | 00670nam a2200217 4500 |
| 005 - DATE AND TIME OF LATEST TRANSACTION | |
| control field | 20190304114031.0 |
| 008 - FIXED-LENGTH DATA ELEMENTS--GENERAL INFORMATION | |
| fixed length control field | 010724s1981 us 0 engYA |
| 020 ## - INTERNATIONAL STANDARD BOOK NUMBER | |
| International Standard Book Number | 0385005156 |
| 100 1# - MAIN ENTRY--PERSONAL NAME | |
| Personal name | Fitzmyer, Joseph A. |
| 245 10 - TITLE STATEMENT | |
| Title | The Gospel according to Luke I-IX : |
| Remainder of title | introduction, translation and notes / |
| Statement of responsibility, etc | by Joseph A. Fitzmyer |
| 260 ## - PUBLICATION, DISTRIBUTION, ETC. (IMPRINT) | |
| Place of publication, distribution, etc | New York : |
| Name of publisher, distributor, etc | Doubleday, |
| Date of publication, distribution, etc | c1985. |
| 300 ## - PHYSICAL DESCRIPTION | |
| Extent | 837 p. |
| 336 ## - CONTENT TYPE | |
| Content Type Term | text |
| 337 ## - MEDIA TYPE | |
| Media Type Term | unmediated |
| 338 ## - CARRIER TYPE | |
| Carrier Type Term | volume |
| 490 1# - SERIES STATEMENT | |
| Series statement | The Anchor Bible; |
| Volume number/sequential designation | 28 |
| 504 ## - BIBLIOGRAPHY, ETC. NOTE | |
| Bibliography, etc | Biblio. : pp. 271-283. |
| 650 #4 - SUBJECT ADDED ENTRY--TOPICAL TERM | |
| Topical term or geographic name as entry element | Bible. N.T. Luke I-IX |
| General subdivision | Commentaries |
| 730 0# - ADDED ENTRY--UNIFORM TITLE | |
| Uniform title | Bible. N.T. Luke I-IX. English. Fitzmyer. 1981. |
| 942 ## - ADDED ENTRY ELEMENTS (KOHA) | |
| Source of classification or shelving scheme | Library of Congress Classification |
| Item type | Books |
| Withdrawn status | Lost status | Source of classification or shelving scheme | Damaged status | Not for loan | Home library | Current library | Shelving location | Date acquired | Inventory number | Shelving control number | Total Checkouts | Full call number | Date last seen | Price effective from | Koha item type | Source of acquisition | Barcode | Copy number |
|---|---|---|---|---|---|---|---|---|---|---|---|---|---|---|---|---|---|---|
| Library of Congress Classification | BSOP Library | BSOP Library | Reference | 12/21/2000 | 11670 | 127 | BS192.2 An2 LukeI | 02/23/2013 | 02/23/2013 | Books | ||||||||
| Library of Congress Classification | BSOP Library | BSOP Library | David Weisberg Collection | 03/04/2019 | 45382 | REF BS192.2 An2 LukeI | 03/04/2019 | 03/04/2019 | Books | Donated by Dr. David and Oprah Weisberg | 00056382 | c.2 | ||||||
| Library of Congress Classification | BSOP Library | BSOP Library | David Weisberg Collection | 04/11/2024 | 47882 | REF BS192.2 An2 LukeI 1981 | 04/11/2024 | 04/11/2024 | Books | Donated by Dr. David and Oprah Weisberg | 00060216 |
